Lataa...

Silas marner: the weaver of raveloe

Bibliografiset tiedot
Päätekijä: Eliot, George
Aineistotyyppi: Printed Book
Julkaistu: Hyderabad, Orient Longman 1979
Aiheet:
LEADER 004800000a22001570004500
020 |a 0-86131-196-5 
082 |a 823 ELI/S L9 
100 |a Eliot, George 
245 |a Silas marner: the weaver of raveloe 
260 |a Hyderabad, Orient Longman 
260 |c 1979 
650 |a English 
650 |a Novel 
942 |c BK 
999 |c 10460  |d 10460 
952 |0 0  |1 0  |4 0  |6 823_000000000000000_ELIS_L9  |7 0  |8 ENG  |9 10255  |a MGUL  |b MGUL  |d 2013-07-16  |l 1  |o 823 ELI/S L9  |p 20164  |r 2019-09-30  |s 2019-09-07  |w 2013-07-16  |y BK